Teoría real de la economía internacional
Gespeichert in:
| 1. Verfasser: | |
|---|---|
| Format: | Buch |
| Sprache: | Spanisch |
| Veröffentlicht: |
Santiago
Univ. Católica de Chile, Instituto de Economía
1982
|
| Schlagworte: | |
| Tags: |
Tag hinzufügen
Keine Tags, Fügen Sie den ersten Tag hinzu!
|
MARC
| LEADER | 00000nam a2200000 a 4500 | ||
|---|---|---|---|
| 001 | UCW9429 | ||
| 003 | CL-VaPUC | ||
| 008 | 890417e19820000CL |||||||||||||||||spa|d | ||
| 082 | 0 | 4 | |a 382 |b OSS |2 21 |
| 100 | |a Ossa Scaglia, Fernando José |e autor |9 317907 | ||
| 245 | 1 | 0 | |a Teoría real de la economía internacional |
| 300 | |a 183 p | ||
| 942 | |c BK | ||
| 945 | |d 19890417 00:00:00 | ||
| 260 | |a Santiago |b Univ. Católica de Chile, Instituto de Economía |c 1982 | ||
| 650 | 0 | |a Economía internacional |9 258254 | |
| 583 | |a last modification |c 19890417 00:00:00 |k Rodrigo Vera | ||
| 999 | |c 221410 |d 221408 | ||
| 952 | |0 0 |1 0 |4 0 |6 382_000000000000000_OSS_1982 |7 0 |8 A |9 214717 |a BIBENE |b BIBENE |d 2019-11-15 |i 2832569 |o 382 OSS 1982 |p 2832569 |r 2025-01-15 |w 2019-11-15 |y BK |k ICO | ||
| 952 | |0 0 |1 0 |4 0 |6 382_000000000000000_OSS_1982 |7 0 |8 A |9 214718 |a BIBENE |b BIBENE |d 2019-11-15 |i 2832577 |o 382 OSS 1982 |p 2832577 |r 2025-01-15 |w 2019-11-15 |y BK |k ICO | ||
| 952 | |0 0 |1 0 |4 0 |6 382_000000000000000_OSS_1982 |7 0 |8 A |9 214719 |a BIBENE |b BIBENE |d 2019-11-15 |i 2832585 |o 382 OSS 1982 |p 2832585 |r 2025-01-15 |w 2019-11-15 |y BK |k ICO | ||
| 952 | |0 0 |1 0 |4 0 |6 382_000000000000000_OSS_1982 |7 0 |8 A |9 214720 |a BIBENE |b BIBENE |d 2019-11-15 |i 1945637 |o 382 OSS 1982 |p 1945637 |r 2025-01-15 |w 2019-11-15 |y BK |k ICO | ||